judicial

Imputacion objetiva en el derecho penal (Registro nro. 6497)

Detalles MARC
000 -LEADER
fixed length control field 01064nam a22003617a 4500
003 - CONTROL NUMBER IDENTIFIER
control field OSt
005 - DATE AND TIME OF LATEST TRANSACTION
control field 20251006110040.0
007 - PHYSICAL DESCRIPTION FIXED FIELD--GENERAL INFORMATION
fixed length control field ta
008 - FIXED-LENGTH DATA ELEMENTS--GENERAL INFORMATION
fixed length control field 251006s2025 ag ||||| |||| 00| 0 spa d
020 ## - INTERNATIONAL STANDARD BOOK NUMBER
International Standard Book Number 9789915684420
040 ## - CATALOGING SOURCE
Transcribing agency cj catamarca
082 ## - DEWEY DECIMAL CLASSIFICATION NUMBER
Classification number 343.222.4 B548
100 10 - MAIN ENTRY--PERSONAL NAME
9 (RLIN) 285
Personal name Berruezo, Rafael
Relator term director
245 10 - TITLE STATEMENT
Title Imputacion objetiva en el derecho penal
250 ## - EDITION STATEMENT
Edition statement 1º ed.
260 ## - PUBLICATION, DISTRIBUTION, ETC.
Place of publication, distribution, etc. Montevideo, Bs. As.;
Name of publisher, distributor, etc. B de F,
Date of publication, distribution, etc. 2025
300 ## - PHYSICAL DESCRIPTION
Extent V.3, 176 p.
Dimensions 23 cm
490 ## - SERIES STATEMENT
Series statement Cuadernos practicos
Volume/sequential designation 3
500 ## - GENERAL NOTE
General note INVENTARIO Nº 8114
650 #7 - SUBJECT ADDED ENTRY--TOPICAL TERM
Source of heading or term SAIJ
653 ## - INDEX TERM--UNCONTROLLED
Uncontrolled term DERECHO PENAL
653 ## - INDEX TERM--UNCONTROLLED
Uncontrolled term IMPUTACION PENAL
653 ## - INDEX TERM--UNCONTROLLED
Uncontrolled term CAUSALISMO
653 ## - INDEX TERM--UNCONTROLLED
Uncontrolled term IMPUTACION OBJETIVA
653 ## - INDEX TERM--UNCONTROLLED
Uncontrolled term PROHIBICION-REGRESO
653 ## - INDEX TERM--UNCONTROLLED
Uncontrolled term PUNIBILIDAD PARTICIPE-FUNDAMENTO
653 ## - INDEX TERM--UNCONTROLLED
Uncontrolled term PRINCIPIO DE CONFIANZA
653 ## - INDEX TERM--UNCONTROLLED
Uncontrolled term LAVADO DE ACTIVOS
653 ## - INDEX TERM--UNCONTROLLED
Uncontrolled term RESPONSABILIDAD PENAL-ABOGADO
700 10 - ADDED ENTRY--PERSONAL NAME
9 (RLIN) 288
Personal name Tisnado Solis, Luis
856 ## - ELECTRONIC LOCATION AND ACCESS
Uniform Resource Identifier <a href="https://drive.google.com/file/d/1kjV2kgv2XN0RYvP2f58LCKMAhPPCdKlt/view?usp=sharing">https://drive.google.com/file/d/1kjV2kgv2XN0RYvP2f58LCKMAhPPCdKlt/view?usp=sharing</a>
942 ## - ADDED ENTRY ELEMENTS (KOHA)
Source of classification or shelving scheme Dewey Decimal Classification
Koha item type Book
Suppress in OPAC No
Existencias
Withdrawn status Lost status Source of classification or shelving scheme Damaged status Not for loan Home library Current library Date acquired Source of acquisition Total Checkouts Full call number Barcode Date last seen Price effective from Koha item type
    Dewey Decimal Classification     PJCB PJCB 10/06/2025 Compra   343.222.4 B548 8114 10/06/2025 10/06/2025 Book
-->
  •  poder judicial

    Con tecnología Koha